Most Successful Countries in the UEFA European Championship - Statistics

General Stats
  • This quiz has been taken 37 times
  • The average score is 12 of 13
Answer Stats
Finals
Record
Answer % Correct
2W, 1L France
100%
3W, 3L Germany
100%
4W, 1L Spain
100%
2W, 2L Italy
96%
0W, 2L Yugoslavia
96%
0W, 2L England
93%
1W, 0L Netherlands
93%
1W, 1L Portugal
93%
1W, 0L Denmark
89%
1W, 0L Greece
89%
1W, 3L USSR
82%
0W, 1L Belgium
79%
1W, 1L Czechoslovakia
71%
No matching quizzes found
Score Distribution
Percent of People with Each Score
Percentile by Number Answered
Your Score History
You have not taken this quiz